Wiley encyclopedia of electrical and electronics engineering. V.4 : Co-Da.
Na minha lista:
| Formato: | Livro |
|---|---|
| Idioma: | English |
| Publicado em: |
New York :
John Wiley and Sons,
1999.
|
| Assuntos: | |
| Tags: |
Adicionar Tag
Sem tags, seja o primeiro a adicionar uma tag!
|
| Thư viện lưu trữ: | Mạng thư viện Đại học Đà Nẵng |
|---|
| LEADER | 00899cam a2200337 i 4500 | ||
|---|---|---|---|
| 001 | 000046473 | ||
| 003 | 5944 | ||
| 005 | 20030317103204.0 | ||
| 008 | 010220|1999 vm 000 eng | ||
| 020 | |a 0471139432 | ||
| 040 | |a IRC |c IRC |d IRC | ||
| 041 | 0 | |a eng | |
| 082 | 1 | 4 | |a 621.303 |b Wi-E |
| 245 | 0 | 0 | |a Wiley encyclopedia of electrical and electronics engineering. |n V.4 : |p Co-Da. |
| 260 | |a New York : |b John Wiley and Sons, |c 1999. | ||
| 300 | |a 24v.; vol.4: 759p. : |b ill. | ||
| 630 | 0 | 4 | |a Electronics. |
| 630 | 0 | 4 | |a Encyclopedias. |
| 630 | 0 | 4 | |a Electric. |
| 650 | 0 | 4 | |a Electric engineering |v Encyclopedias. |
| 650 | 0 | 4 | |a Electronics |v Encyclopedias. |
| OWN | |a DUT | ||
| 999 | |a From the UDN01 | ||
| TYP | |a Monograph | ||
| TYP | |a Printed language | ||
| 980 | |a Mạng thư viện Đại học Đà Nẵng | ||


